Millimeter
| New Title: | Millimeter (Online) |
|---|---|
| Format: | Electronic Journal |
| Language: | English |
| Published: |
[Cleveland, OH] :
[Penton Pub.]
|
| Subjects: | |
| Online Access: | Full text available from Research Library: 08/01/1998 to 12/31/1998 Full text available from Research Library: 01/01/2000 to 01/31/2009 Full text available from Research Library: 04/01/2009 to 12/31/2009 |
MARC
| LEADER | 00000nas a2200000 a 4500 | ||
|---|---|---|---|
| 001 | ssj0010812 | ||
| 003 | WaSeSS | ||
| 005 | 20200512172242.0 | ||
| 006 | m d | ||
| 007 | cr n | ||
| 008 | 760620d19732009ksumr p s 0 a0eng c | ||
| 010 | |a 78648363 | ||
| 016 | |a (AMICUS)000000789909 | ||
| 016 | 7 | |a 9878789 |2 DNLM | |
| 016 | 7 | |a M36210000 |2 DNLM | |
| 016 | 7 | |a 9878789 |2 DNLM | |
| 016 | 7 | |a M36210000 |2 DNLM | |
| 022 | |l 0164-9655 |y 0164-9655 | ||
| 032 | |a 567910 |b USPS | ||
| 035 | |a (WaSeSS)ssj0010812 | ||
| 037 | |b Penton Media, Inc., 9800 Metcalf Ave., Overland Park, KS 66212-2216 | ||
| 040 | |a MUL |b eng |c MUL |d NSD |d DLC |d NSD |d NST |d RCS |d AIP |d NSD |d NST |d DLC |d NST |d NSD |d NST |d HLS |d OCL |d SYS |d NLM |d OCLCQ |d NSD |d ZYU |d OCLCQ |d NYP |d ZYU |d OCLCQ |d OCLCF |d NLC |d OCLCQ |d GILDS |d OCLCO |d PAU |d OCLCQ |d RDF |d UKBTH |d OCLCQ |d WaSeSS | ||
| 042 | |a nsdp |a pcc | ||
| 050 | 0 | 0 | |a TR845 |b .M54 |
| 082 | 0 | 4 | |a 778.5/05 |
| 210 | 0 | |a Millimeter | |
| 222 | 0 | |a Millimeter | |
| 245 | 0 | 0 | |a Millimeter |h [electronic resource]. |
| 260 | |a [Cleveland, OH] : |b [Penton Pub.] | ||
| 310 | |a Monthly, |b <-2009 | ||
| 321 | |a Bimonthly, |b <2007>- | ||
| 362 | 1 | |a Began in 1973. | |
| 362 | 1 | |a Ceased with: vol. 37, no. 7 (Sept. 2009). | |
| 500 | |a Subtitle varies. | ||
| 500 | |a Published: New York, NY : Millimeter Magazine, 1973- ; Overland Park, KS : Prism Business Media, <June 2006-> | ||
| 506 | |a License restrictions may limit access. | ||
| 525 | |a Some issues accompanied by CD-ROM. | ||
| 580 | |a Continued by an electronic version. | ||
| 588 | |a Latest issue consulted: Vol. 37, no. 7 (Sept. 2009) (surrogate). | ||
| 650 | 0 | |a Cinematography |v Periodicals. | |
| 650 | 0 | |a Motion picture industry |v Periodicals. | |
| 650 | 0 | |a Television |v Periodicals. | |
| 650 | 7 | |a Cinematography. |2 fast |0 (OCoLC)fst00861484 | |
| 650 | 7 | |a Motion picture industry. |2 fast |0 (OCoLC)fst01027150 | |
| 650 | 7 | |a Television. |2 fast |0 (OCoLC)fst01146535 | |
| 655 | 0 | |a Electronic journals. | |
| 785 | 0 | 0 | |t Millimeter (Online) |w (OCoLC)60624086 |
| 850 | |a AU |a CU-I |a CaOONL |a CoU |a DLC |a GASU |a GEU |a ICRL |a ICarbS |a InU |a KU |a LU |a MiU |a NBC |a NcU |a OU |a PPD |a UPB | ||
| 853 | 0 | 3 | |8 1 |a v. |b no. |i (year) |j (month) |
| 853 | 0 | 3 | |8 2 |a (year) |b no. |i (year) |j (month) |
| 853 | 0 | 3 | |8 3 |a v. |b no. |i (year) |j (month) |
| 853 | 3 | 3 | |8 4 |a (year) |b (month) |
| 856 | 4 | 0 | |z Full text available from Research Library: 08/01/1998 to 12/31/1998 |u https://search.proquest.com/publication/31553 |
| 856 | 4 | 0 | |z Full text available from Research Library: 01/01/2000 to 01/31/2009 |u https://search.proquest.com/publication/31553 |
| 856 | 4 | 0 | |z Full text available from Research Library: 04/01/2009 to 12/31/2009 |u https://search.proquest.com/publication/136067 |
| 863 | 4 | 1 | |8 1 |a <1> |b <1> |i <1973> |j <Nov.> |x provisional |
| 863 | 4 | 0 | |8 2 |a <1983> |b <1>- |i <1983> |j <Jan.>- |x provisional |
| 863 | 4 | 1 | |8 3 |a <13> |i <1985> |x provisional |
| 863 | 4 | 0 | |8 4 |a <1992> |b <Sept.>- |x provisional |